№ 2; Природа

Бібліографічні деталі
Parent link:Природа: популярный естественно-исторический журнал/ Российская Академия наук. № 2.— , 1912-.— 0032-874X
Мова:Російська
Опубліковано: 1956
Формат: Книга
KOHA link:https://koha.lib.tpu.ru/cgi-bin/koha/opac-detail.pl?biblionumber=407667

MARC

LEADER 00000nam2a2200000 4500
001 407667
005 20231101070748.0
035 |a (RuTPU)RU\TPU\prd\60285 
090 |a 407667 
100 |a 20081029a19129999k y0rusy50 ca 
101 0 |a rus 
102 |a RU 
200 0 |a № 2 
210 |d 1956 
461 1 |0 (RuTPU)RU\TPU\prd\304  |x 0032-874X  |t Природа  |o популярный естественно-исторический журнал  |f Российская Академия наук  |v № 2  |d 1912- 
801 0 |a RU  |b 63413507  |c 20010227  |g PSBO 
801 1 |a RU  |b 63413507  |c 20081029  |g PSBO 
801 2 |a RU  |b 63413507  |c 20091218  |g PSBO 
942 |c BK 
999 |a НТБ_ТПУ  |b НФ  |e -1/20010101  |p П-1379  |u 0  |v 1